000 00669nam a2200181 i 4500
001 162648
003 ES-MaACL
005 20230906212555.0
008 981124s1863 fr |||| | fre d
040 _aCCPB | B
_bspa
_cCCPB | B
100 1 _aProudhon, Pierre-Joseph.
_994052
245 1 4 _aLes démocrates assermentés et les réfractaires /
_cpar P. -J. Proudhon.
260 _aParis :
_bE Dentu, Libraire-Éditeur,
_c1863 (
_fImprimerie de L. Tinterlin et Ce.)
300 _a95 p. ;
_c17 cm.
852 _aES-MaACL
_jG-8559(2)
_z-- Enc. hol.
852 _aES-MaACL
_jD-1313
_z-- Rúst.
852 _aES-MaACL
_jT-197-F-4
_z-- Enc. hol.
_z-- Enc. en un vol. facticio
999 _c162648
_d162648